000 00769nam a22002057a 4500
005 20130514120354.0
010 _aENG-107098
020 _a9789350700204
_c500.00
035 _aEN-90631
037 _bDBAD/PUB
082 _a337.091724
245 1 0 _aTrade and environment policies and perspectives for less developed countries :
_cedited by Sarita Agrawal [and] Sarah Ahmed
_bpapers presented at the UGC sponsored national seminar held during March 16-17, 2001 /
260 _aHaryana
_bShanti Prakashan
_c2012
270 _a1780, Sector-1, Delhi By-pass
_bRohtak
_e124001
300 _a206p.
_c22cm(Hb)
500 _aIncludes bibliographical references
700 _aAgrawal, Sarita
700 _aSarah Ahmed
942 _2ddc
_cEN
_mTRA
_h337.091724
999 _c75425
_d75425